Three Biggest Cities in Each State of Australia on a Map - Statistics

General Stats
  • This quiz has been taken 239 times
  • The average score is 15 of 26
Answers on the Map
Answers color-coded by a green-red scale on the quiz's map according to % correct below.
 
Answer Stats
State/Territory Rank Population City % Correct
1 4,969,305 Melbourne
99%
1 2,083,645 Perth
99%
1 4,996,806 Sydney
99%
1 1,357,504 Adelaide
98%
1 2,475,680 Brisbane
98%
1 464,995 Canberra
97%
1 133,268 Darwin
97%
2 709,495 Gold Coast
91%
1 219,071 Hobart
91%
2 26,448 Alice Springs
88%
2 498,015 Newcastle
77%
3 348,343 Sunshine Coast
68%
2 282,412 Geelong
60%
2 89,178 Launceston
58%
3 109,533 Ballarat
47%
3 337,284 Gosford
44%
2 75,155 Bunbury
39%
1 189 Jervis Bay Village
39%
3 30,877 Devonport
35%
3 6,303 Katherine
32%
2 29,946 Mount Gambier
31%
3 40,326 Busselton
21%
3 27,410 Victor Harbor
18%
2 271 Hall
9%
3 81 Tharwa
6%
2 152 Wreck Bay Village
6%
No matching quizzes found
Score Distribution
Percent of People with Each Score
Percentile by Number Answered
Your Score History
You have not taken this quiz